000 00427nam a22001697a 4500
003 NUST - PNEC
005 20170116181001.0
008 150912b xxu||||| |||| 00| 0 eng d
020 _a0060463678
040 _cLIBRARY
082 _a621.3813 SOO
100 _99535
_aSoohoo, Ronald F.
245 _aMicrowave magnetics
_c Ronald F. Soohoo
260 _cc.1985
650 _99540
_aMagnetic materials
_xEL
942 _2ddc
_cBK
999 _c66718
_d66718